000 00483cam a2200157 4500500
005 20251012021624.0
041 _afre
042 _adc
100 1 0 _aAleixandre, Dolores
_eauthor
700 1 0 _a Roullière, Yves
_eauthor
245 0 0 _aLièvres, chiens, lions et oiseaux
260 _c2024.
500 _a4
786 0 _nChristus | º283 | 3 | 2024-07-01 | p. 59-60 | 0009-5834
856 4 1 _uhttps://shs.cairn.info/revue-christus-2024-3-page-59?lang=fr&redirect-ssocas=7080
999 _c1538897
_d1538897